000 00684nam a2200253Ia 4500
003 OSt
005 20220912151457.0
006 a|||||r|||| 00| 0
007 ta
008 220909b |||||||| |||| 00| 0 eng d
024 _a32526
037 _cTextual
040 _aCSL
_beng
_cCSL
041 _aeng
082 _aD65,8(B):(P), M8
100 _aHalsall Fred
245 0 _aData communication, computer networks and OSI
250 _a2
260 _aWokingham
_bAddison-Wesley Pub. Co.
_c1988
300 _a549p.
_ccm.
490 _aElectronic system engineering series
942 _hD65,8(B):(P), M8
_cTEXL
_2CC
999 _c69429
_d69429